000 00290nam a2200121Ia 4500
008 150201s2011 xx 000 0 und d
082 _a620.1
_bKUM
100 _aKumar,Ranjan
245 _aApplied mechanics
260 _bAITBS Publications
_aDelhi
_c2011
300 _a382p.
942 _2ddc
_cBK
999 _c5283
_d5283